| 000 | 00508nam a2200181Ia 4500 | ||
|---|---|---|---|
| 005 | 20250326141636.0 | ||
| 008 | 250326s9999 xx 000 0 und d | ||
| 037 | _aTextbook | ||
| 040 |
_aFMSL _beng _cFMSL |
||
| 041 |
_aeng _2eng |
||
| 084 |
_aX:97 M8 _qFMSL |
||
| 100 |
_aDittrich J E _9744818 |
||
| 245 | 0 |
_aGeneral manager and strategy formulation _cDittrich J E |
|
| 260 |
_aNew York _bNew York, Johan Wiley _c1985 |
||
| 300 | _a786p | ||
| 942 |
_cTB _hX:97 M8 |
||
| 999 |
_c1291270 _d1291270 |
||